| 000 | 00532nam a2200205Ia 4500 | ||
|---|---|---|---|
| 005 | 20260122095509.0 | ||
| 008 | 260121s9999||||xx |||||||||||||| ||und|| | ||
| 020 | _a9780367242138 | ||
| 082 |
_a338.4791 _bHOL |
||
| 100 | _aHolden, Andrew | ||
| 245 | 0 | _aEnvironment and tourism / | |
| 250 | _a3rd ed. | ||
| 260 |
_aOxon : _bRoutledge, _c2023. |
||
| 300 | _axx, 279 p.; pbk | ||
| 440 | _aRoutledge introductions to environment series | ||
| 650 | _aEnvironment | ||
| 650 | _aTourism | ||
| 700 | _aDoyle, Timothy | ||
| 942 | _cTB | ||
| 999 |
_c48354 _d48354 |
||